Statistics for Countries in Alphabetical Order not sharing letter with previous one: start with Albania

Click here to take the quiz!

General Stats

  • This quiz has been taken 34 times
  • The average score is 5 of 8

Answer Stats

Albania% Correct
Comoros
88%
Egypt
65%
Fiji
65%
Gabon
65%
Peru
54%
Zambia
46%
Samoa
42%
Turkey
35%

Score Distribution

Percentile by Number Answered

Percent of People with Each Score

Your Score History

You have not taken this quiz